Statistiques concernant Trouve les bons animaux.

Cliquez ici pour prendre le quiz!

Statistiques générales

  • Ce quiz a été pris 43 fois
    (25 depuis la dernière actualisation)
  • Le résultat moyen est 38 sur 90

Statistiques - réponses

QuestionTuileSelect% Correct
Rodentia (Rongeurs)Oui
90%
Felidae (Félins)Non
81%
Felidae (Félins)Non
81%
Cervidae (Cervidés)Oui
76%
Felidae (Félins)Oui
76%
Felidae (Félins)Non
76%
Rodentia (Rongeurs)Non
76%
Felidae (Félins)Non
71%
Metatheria (Marsupiaux)Non
67%
Felidae (Félins)Oui
67%
Mollusca (Mollusques)Oui
67%
Rodentia (Rongeurs)Oui
67%
Cervidae (Cervidés)Non
67%
Insecta (Insectes)Non
62%
Serpentes (Serpents)Oui
62%
Chondrichtyens (Poissons cartilagineux)Non
62%
Serpentes (Serpents)Non
62%
Metatheria (Marsupiaux)Oui
62%
Crustacea (Crustacés)Non
57%
Serpentes (Serpents)Non
57%
Mollusca (Mollusques)Oui
57%
Araneae (Araignées)Non
57%
Chondrichtyens (Poissons cartilagineux)Oui
57%
Rodentia (Rongeurs)Non
57%
Cervidae (Cervidés)Oui
57%
Serpentes (Serpents)Oui
52%
Cervidae (Cervidés)Non
52%
Serpentes (Serpents)Non
52%
Insecta (Insectes)Oui
52%
Insecta (Insectes)Oui
52%
Rodentia (Rongeurs)Oui
48%
Rodentia (Rongeurs)Non
48%
Mollusca (Mollusques)Non
48%
Chondrichtyens (Poissons cartilagineux)Non
48%
Araneae (Araignées)Non
48%
Crustacea (Crustacés)Oui
48%
Araneae (Araignées)Non
48%
Metatheria (Marsupiaux)Oui
43%
Metatheria (Marsupiaux)Oui
43%
Mollusca (Mollusques)Oui
43%
Insecta (Insectes)Oui
43%
Chondrichtyens (Poissons cartilagineux)Non
38%
Cervidae (Cervidés)Non
38%
Mollusca (Mollusques)Non
38%
Metatheria (Marsupiaux)Oui
38%
Insecta (Insectes)Oui
38%
Felidae (Félins)Oui
38%
Insecta (Insectes)Non
38%
Metatheria (Marsupiaux)Non
38%
Chondrichtyens (Poissons cartilagineux)Oui
38%
Mollusca (Mollusques)Non
33%
Cervidae (Cervidés)Oui
33%
Crustacea (Crustacés)Oui
33%
Crustacea (Crustacés)Non
33%
Crustacea (Crustacés)Non
33%
Crustacea (Crustacés)Oui
33%
Araneae (Araignées)Non
33%
Crustacea (Crustacés)Non
33%
Chondrichtyens (Poissons cartilagineux)Oui
33%
Mollusca (Mollusques)Non
33%
Serpentes (Serpents)Non
29%
Metatheria (Marsupiaux)Oui
29%
Chondrichtyens (Poissons cartilagineux)Non
29%
Chondrichtyens (Poissons cartilagineux)Oui
29%
Mollusca (Mollusques)Non
29%
Insecta (Insectes)Oui
29%
Insecta (Insectes)Non
29%
Rodentia (Rongeurs)Non
29%
Cervidae (Cervidés)Non
29%
Araneae (Araignées)Non
24%
Araneae (Araignées)Non
24%
Metatheria (Marsupiaux)Non
24%
Araneae (Araignées)Non
24%
Chondrichtyens (Poissons cartilagineux)Oui
24%
Crustacea (Crustacés)Oui
24%
Cervidae (Cervidés)Non
24%
Crustacea (Crustacés)Oui
24%
Serpentes (Serpents)Non
19%
Serpentes (Serpents)Non
19%
Serpentes (Serpents)Oui
19%
Rodentia (Rongeurs)Oui
19%
Insecta (Insectes)Non
19%
Felidae (Félins)Non
19%
Felidae (Félins)Non
19%
Araneae (Araignées)Oui
14%
Araneae (Araignées)Non
14%
Mollusca (Mollusques)Oui
14%
Cervidae (Cervidés)Oui
10%
Rodentia (Rongeurs)Non
10%
Metatheria (Marsupiaux)Oui
10%

Distribution des résultats

Percentile par nombre de réponses

% des personnes avec chaque résultat

Votre développement - résultats

Vous n’avez pas pris ce quiz depuis la dernière actualisation